00000000nas##2200000za#4500
0019.511261
003CaOODSP
00520210615082633
007ta
008150406c2006||||xxc|| p #||||f|   |0fre|d
022 |a1718-4908
040 |aCaOODSP|bfre
041 |aeng
041 |afre
043 |an-cn---
0861 |aP12-13
1101 |aCanada. |bTravaux publics et services gouvernementaux Canada.
24510|aNouvelles sur Les prochaines étapes
260 |aOttawa - Ontario : |bTravaux publics et Services gouvernementaux Canada
310 |aIrrégulier
3621 |aNuméro 1, [janvier 2006]--[Numéro 8, été 2007]
5203 |aCe bulletin fournit aux ministères et aux organismes du gouvernement fédéral des renseignements sur les changements et les progrès qui sont réalisés relativement aux achats ainsi que sur d’autres changements apportés aux services offerts par le ministère. Il porte sur les façons d’économiser dans le cadre du processus d’approvisionnement et des activités connexes du gouvernement ainsi que sur les moyens d’améliorer l’efficacité des procédures. On y trouve notamment des conseils à l’intention des acheteurs du gouvernement ainsi que des conseils sur la réduction des coûts d’énergie et l’amélioration de la gestion de l’actif immobilier du gouvernement.
563 |aDépliant
7760#|tNouvelles sur Les prochaines étapes |w(CaOODSP)9.501527
7760#|tThe Way Forward news |w(CaOODSP)9.505128
791 |tThe Way Forward news |eeng|w(CaOODSP)9.511260